000 00322 a2200133 4500
001 65953
082 _a620.1126 AND
090 _c38373
_d38373
100 _aAnderson, T. L.
245 _aFracture mechanics : Fundamentals and applications
250 _a2
260 _aL N
_bCRC
_c1994
300 _a688p.
_bPhotocopy
942 _aNUST-CAE
_k620.1126 AND
999 _c301026
_d301026